000 00911nam a22002417a 4500
999 _c64884
_d64884
005 20240530110756.0
008 190103s2018 ua g 000 0 ara d
017 _a2017/21371
_bمصر. دار الكتب
020 _a9789777801058
040 _aEG-CaGPL
_cEG-CaGPL
082 0 4 _221
_a303.4833/
_bح ع
100 0 _aحاتم على الصالحى
245 1 2 _aالعلاقات العامة والاتصال التفاعلى عبر المواقع الالكترونية والاجتماعية /
_cحاتم على الصالحى
250 _aط.1
260 _aالقاهرة :
_bعالم الكتب،
_c2018.
300 _a266 ص. ؛
_c24 سم.
650 0 7 _2qrmak
_aالانترنت
650 0 4 _2qrmak
_aالعلاقات العامة
_xتطبيقات
_xحاسب الى
650 0 4 _2qrmak
_aالفيس بوك
651 _2qrmak
942 _2ddc
_cBK